000 01799cam a22003371i 4500
003 SA-RiAUC
005 20241028140223.0
008 241027s2007____su f 000 0 ara c
040 _aSA-MaHRM
_bara
_cSA-RiAUC
_erda
082 0 4 _a212.5
_qSA-RiAUC
090 _a212.5
_b ح ا ز
100 1 _aالحازمي، عبد الرحمن بن سعيد بن حسين
_eمؤلف.
245 1 2 _aالذرية في القرآن الكريم ومضامينها التربوية :
_bدراسة تأصيلية لتربية الأولاد في الإسلام /
_cعبد الرحمن بن سعيد الحازمي ؛ تقديم حسن بن علي الحجاجي، سعيد بن مسفر القحطاني، عويد بن عياد المطرفي.
246 3 0 _aتربية الأولاد في الإسلام
250 _aالطبعة الأولى.
264 1 _aجدة، السعودية :
_bالمكتب التعاوني للدعوة والإرشاد ودعوة الجاليات،
_c2007
300 _a165 صفحة ؛
_c24 سم
336 _aنص
_btxt
_2rdacontent
_3كتاب
337 _aبدون وسيط
_bn
_2rdamedia
338 _aمجلد
_bnc
_2rdacarrier
650 7 _aالأطفال
_xتربية إسلامية
_2aucsh
650 7 _aالتربية الإسلامية في القرآن
_2aucsh
650 7 _aالتربية الإسلامية
_2aucsh
650 7 _aالأخلاق الإسلامية
_2aucsh
700 1 _aالحجاجي، حسن بن علي بن حسن،
_d1363 هجري-
_eمقدم.
700 1 _aالقحطاني، سعيد بن مسفر بن مفرح،
_d1361 هجري-
_eمقدم.
700 1 _aالمطرفي، عويد بن عياد بن عايد،
_d1353 هجري-
_eمقدم.
730 2 2 _aالقرآن
942 _2ddc
_cBOOK
_n0
949 _aSA-JeALM
_d241027
_umohamedma123
_n1
999 _c1822
_d1822